[Event "XIII Abierto de la Constitucion"]
[Site "San Sebastian De Los Reyes"]
[Date "2011.12.09"]
[Round "8.18"]
[White "Garcia-Ruiz Fuentes, Marcos"]
[Black "Alfaya Marcelo, Roberto"]
[Result "0-1"]
[WhiteElo "1841"]
[BlackElo "1652"]
[PlyCount "27"]
[EventDate "2011.12.02"]

1. e4 c5 2. Nf3 d6 3. d4 cxd4 4. Nxd4 Nf6 5. Nc3 a6 6. Bc4 e6 7. O-O Nbd7 8.
Bxe6 fxe6 9. Nxe6 Qa5 10. Bd2 Kf7 11. Nd5 Qa4 12. b3 Qa3 13. Bb4 Qb2 14. Ng5+ {
Móvil} 0-1

[Event "XIII Abierto de la Constitucion"]
[Site "San Sebastian De Los Reyes"]
[Date "2011.12.09"]
[Round "8.19"]
[White "De La Orden Alcocer, Alejandro"]
[Black "Plazuelo Pascual, Juan"]
[Result "1/2-1/2"]
[WhiteElo "1853"]
[BlackElo "1678"]
[PlyCount "94"]
[EventDate "2011.12.02"]

1. c4 c6 2. g3 Nf6 3. Bg2 d5 4. Nf3 dxc4 5. a4 Bf5 6. Na3 e6 7. Nxc4 Be7 8. O-O
O-O 9. d3 h6 10. Qb3 Qc8 11. Bf4 Nbd7 12. Nd6 Bxd6 13. Bxd6 Re8 14. Nd2 e5 15.
Nc4 Be6 16. Qc2 Bxc4 17. dxc4 Nf8 18. Rfd1 Qe6 19. Ra3 Red8 20. Rad3 Ng6 21. e4
Rd7 22. Bb4 Rad8 23. f3 Rxd3 24. Rxd3 Rxd3 25. Qxd3 Qd7 26. Qxd7 Nxd7 27. Bh3
c5 28. Ba3 Ngf8 29. Kf2 f6 30. b4 cxb4 31. Bxb4 Nb6 32. Bc5 Nxc4 33. Bxa7 Kf7
34. Bf1 Nd6 35. Bc5 Ke6 36. Bh3+ Ke7 37. a5 Ne6 38. Bb4 Nd4 39. Bc8 Nc6 40.
Bxd6+ Kxd6 41. Bxb7 Nxa5 42. Bd5 g5 43. Ke3 f5 44. g4 f4+ 45. Kd3 Kc5 46. Kc3
Kb5 47. Bf7 Nb7 1/2-1/2

[Event "XIII Abierto de la Constitucion"]
[Site "San Sebastian De Los Reyes"]
[Date "2011.12.09"]
[Round "8.20"]
[White "Navarro Rodriguez, Jesus"]
[Black "Alvarez Gonzalez, Eduardo"]
[Result "0-1"]
[WhiteElo "1691"]
[BlackElo "1814"]
[PlyCount "126"]
[EventDate "2011.12.02"]

1. e4 c6 2. Nf3 d5 3. exd5 cxd5 4. d4 Nc6 5. Bb5 Bg4 6. Nc3 e6 7. h3 Bxf3 8.
Qxf3 Nf6 9. O-O Be7 10. Ne2 O-O 11. c3 a6 12. Bxc6 bxc6 13. Ng3 c5 14. b3 Rc8
15. Qe2 Qb6 16. Be3 Rc6 17. Rac1 Rfc8 18. Qd2 Bd6 19. dxc5 Bxc5 20. Bd4 Bxd4
21. cxd4 h6 22. Rxc6 Qxc6 23. f3 Ne8 24. Qf4 Qc2 25. Rf2 Qb1+ 26. Nf1 Nf6 27.
Qd6 Qd3 28. Rd2 Qb5 29. Qe5 Rc1 30. Qe2 Qc6 31. Rd1 Rc2 32. Rd2 Rc3 33. Rd3 Qb5
34. Re3 Qxe2 35. Rxe2 Ne8 36. Kf2 Nd6 37. Re3 Rc2+ 38. Re2 Rc1 39. Ne3 Nb5 40.
Rc2 Ra1 41. Rd2 Nc3 42. Kg3 Rxa2 43. Rxa2 Nxa2 44. Kf4 f6 45. h4 g5+ 46. hxg5
hxg5+ 47. Kg4 a5 48. Nc2 Kf7 49. f4 gxf4 50. Kxf4 Nc3 51. g4 Kg6 52. b4 axb4
53. Nxb4 Nb5 54. Nc2 Nxd4 55. Nxd4 e5+ 56. Ke3 exd4+ 57. Kxd4 Kg5 58. Kxd5 Kxg4
59. Ke4 f5+ 60. Ke3 Kg3 61. Ke2 f4 62. Kf1 Kf3 63. Kg1 Ke2 0-1

[Event "XIII Abierto de la Constitucion"]
[Site "San Sebastian De Los Reyes"]
[Date "2011.12.09"]
[Round "8.23"]
[White "Hernandez Ramos, David"]
[Black "Nieto Esteban, Manuel"]
[Result "0-1"]
[WhiteElo "1574"]
[BlackElo "1760"]
[PlyCount "58"]
[EventDate "2011.12.02"]

1. e4 e5 2. Nf3 Nc6 3. Bc4 Bc5 4. c3 Qe7 5. O-O Nf6 6. Re1 d6 7. h3 Be6 8. Bb5
O-O 9. d4 exd4 10. cxd4 Bb4 11. Nc3 Bd7 12. Bg5 Bxc3 13. bxc3 h6 14. Bh4 g5 15.
Bg3 Nh5 16. Bh2 Kh8 17. e5 d5 18. c4 Be6 19. Rc1 a6 20. cxd5 Bxd5 21. Bxc6 bxc6
22. Qe2 Rg8 23. g4 Nf4 24. Bxf4 gxf4 25. Nd2 Qh4 26. Kh2 Rg6 27. Rg1 Rag8 28.
Nb3 f3 29. Qc2 Rxg4 0-1

[Event "XIII Abierto de la Constitucion"]
[Site "San Sebastian De Los Reyes"]
[Date "2011.12.09"]
[Round "8.24"]
[White "Martinez Miura, Enrique"]
[Black "Cerrato Torrijos, Javier"]
[Result "1/2-1/2"]
[WhiteElo "1713"]
[BlackElo "1675"]
[PlyCount "86"]
[EventDate "2011.12.02"]

1. e4 c5 2. Nc3 Nc6 3. Nf3 d6 4. h3 g6 5. d4 cxd4 6. Nxd4 Bg7 7. Be3 Nf6 8. Be2
O-O 9. O-O Bd7 10. Qd2 Rc8 11. Nxc6 Bxc6 12. Bd3 a6 13. Bh6 d5 14. Bxg7 Kxg7
15. exd5 Nxd5 16. Nxd5 Qxd5 17. f3 Qd4+ 18. Kh1 Qxb2 19. Qe3 Rfe8 20. Rfe1 e6
21. Reb1 Qf6 22. Re1 Bd5 23. Rab1 Rc7 24. c4 Bxc4 25. Bxc4 Rxc4 26. Rxb7 Qd4
27. Qb3 Qc3 28. Qxc3+ Rxc3 29. Ra7 Ra3 30. Re2 Kf6 31. Rc2 Re7 32. Ra8 Rb7 33.
Rc6 Rxa2 34. Rcxa6 Rxa6 35. Rxa6 h5 36. Kg1 Rb2 37. Ra4 Rd2 38. Rf4+ {(=)} Kg7
39. Ra4 f5 40. h4 Kf6 41. Kh2 g5 42. hxg5+ Kxg5 43. Ra8 Re2 1/2-1/2

[Event "XIII Abierto de la Constitucion"]
[Site "San Sebastian De Los Reyes"]
[Date "2011.12.09"]
[Round "8.25"]
[White "Hernandez Mateo, Borja"]
[Black "Tevar Becerra, Alvaro"]
[Result "0-1"]
[WhiteElo "1713"]
[BlackElo "1525"]
[PlyCount "72"]
[EventDate "2011.12.02"]

1. e4 e5 2. Nf3 Nc6 3. Bb5 d6 4. d4 Bd7 5. c3 a6 6. Ba4 Be7 7. O-O Nf6 8. Qe2
O-O 9. Rd1 b5 10. Bb3 h6 11. Nh4 Re8 12. Ng6 Na5 13. Nxe7+ Qxe7 14. Bc2 exd4
15. cxd4 c5 16. dxc5 dxc5 17. Nc3 b4 18. Nd5 Nxd5 19. Rxd5 Bc6 20. Rd1 Qe6 21.
f3 Bb5 22. Qf2 Rac8 23. Qg3 Qg6 24. Qxg6 fxg6 25. f4 c4 26. e5 Re6 27. Rd5 c3
28. b3 Nb7 29. f5 Re7 30. fxg6 Rc5 31. Be4 Kh8 32. Bf4 Rxd5 33. Bxd5 Nc5 34.
Rd1 c2 35. Rd4 Nd3 36. Bc4 Nxf4 0-1

[Event "XIII Abierto de la Constitucion"]
[Site "San Sebastian De Los Reyes"]
[Date "2011.12.09"]
[Round "8.27"]
[White "Farmer Negrini, Leo"]
[Black "Rodriguez Alonso, Marcos"]
[Result "0-1"]
[WhiteElo "1790"]
[BlackElo "1540"]
[PlyCount "49"]
[EventDate "2011.12.02"]

1. e4 e5 2. Nf3 Nc6 3. Bc4 Bc5 4. c3 Nf6 5. O-O O-O 6. Re1 d6 7. h3 Na5 8. Bb5
Bd7 9. Bxd7 Qxd7 10. b4 Bxb4 11. cxb4 Nc6 12. a3 Ne7 13. Nc3 Ng6 14. d4 Qc6 15.
Bb2 Rad8 16. Rc1 Qe8 17. Qb3 Nf4 18. dxe5 dxe5 19. Nd5 N6xd5 20. exd5 e4 21.
Qc3 f6 22. Ng5 Nxd5 23. Qd4 fxg5 24. Qxa7 Qf7 25. f3 {Irreproducble} 0-1

[Event "XIII Abierto de la Constitucion"]
[Site "San Sebastian De Los Reyes"]
[Date "2011.12.09"]
[Round "8.28"]
[White "Salgado Duarte, Pablo"]
[Black "Juberias Guillen, Paloma"]
[Result "0-1"]
[WhiteElo "1500"]
[BlackElo "1759"]
[PlyCount "80"]
[EventDate "2011.12.02"]

1. d4 d5 2. c4 e6 3. Nc3 c6 4. Nf3 Nf6 5. cxd5 exd5 6. Bg5 Bf5 7. e3 Nbd7 8.
Ne5 Qb6 9. Nxd7 Nxd7 10. Qd2 h6 11. Bf4 Nf6 12. a3 Be7 13. Be2 O-O 14. O-O Rfe8
15. b4 a5 16. b5 a4 17. Bd3 Ne4 18. Bxe4 dxe4 19. bxc6 Qxc6 20. Rfc1 Qg6 21.
Nd5 Bd8 22. Bc7 Bh3 23. g3 Qf5 24. Nf4 Bg4 25. Rc5 Qd7 26. Bxd8 Raxd8 27. Nd5
Bf3 28. Qe1 h5 29. Nf4 h4 30. Qf1 hxg3 31. fxg3 b6 32. Rb5 Rc8 33. Rb2 Rc3 34.
Qf2 Rec8 35. Ne2 Rc2 36. Rab1 Qe7 37. Qe1 Bxe2 38. Rxb6 Qxa3 39. Qf2 Bf3 40.
Qe1 Rg2+ 0-1

[Event "XIII Abierto de la Constitucion"]
[Site "San Sebastian De Los Reyes"]
[Date "2011.12.09"]
[Round "8.33"]
[White "Perez-Nuñez Castillo, Jose Antonio"]
[Black "Ojosnegros Martin, Angel"]
[Result "1-0"]
[WhiteElo "1665"]
[BlackElo "1475"]
[PlyCount "69"]
[EventDate "2011.12.02"]

1. Nf3 d5 2. b4 Nf6 3. Bb2 e6 4. a3 Be7 5. e3 Nbd7 6. d4 O-O 7. c4 b6 8. cxd5
exd5 9. Bd3 Bb7 10. O-O c5 11. bxc5 bxc5 12. dxc5 Nxc5 13. Be2 Rc8 14. Nc3 a6
15. Rc1 Qb6 16. Rb1 Qc7 17. h3 Rfd8 18. Na2 d4 19. Bxd4 Bd5 20. Nb4 Bb7 21. Qc1
Qa5 22. Qb2 Na4 23. Qb3 Nd5 24. Rfc1 Bc5 25. Bc4 Bxd4 26. Nxd5 Bxd5 27. Nxd4
Bxc4 28. Rxc4 Rxc4 29. Qxc4 Nb6 30. Qc7 Rxd4 31. Qb8+ Nc8 32. exd4 Qc3 33. Rb3
Qe1+ 34. Kh2 Qe6 35. Rc3 1-0

[Event "XIII Abierto de la Constitucion"]
[Site "San Sebastian De Los Reyes"]
[Date "2011.12.09"]
[Round "8.34"]
[White "Palenciano Escolar, Adrian"]
[Black "Anton Quevedo, Andrea"]
[Result "1-0"]
[WhiteElo "1623"]
[BlackElo "1445"]
[PlyCount "71"]
[EventDate "2011.12.02"]

1. e4 e5 2. Nf3 Nc6 3. Bb5 Nf6 4. d3 Bc5 5. O-O O-O 6. Bxc6 bxc6 7. Nxe5 d5 8.
exd5 cxd5 9. d4 Bb6 10. Re1 Bf5 11. Nc6 Bxc2 12. Qxc2 Qd6 13. b3 Ne4 14. Ba3
Qf6 15. Bxf8 Rxf8 16. Rxe4 dxe4 17. Qxe4 h6 18. Nc3 Kh8 19. Na4 Qd6 20. Nxb6
cxb6 21. Qe7 Qxe7 22. Nxe7 Rd8 23. d5 Rd7 24. Re1 a5 25. f3 g6 26. Kf2 Kg7 27.
Re2 Kf6 28. Nc8 Rxd5 29. Nxb6 Rb5 30. Nd7+ Kg7 31. g4 h5 32. Kg3 Rd5 33. Nb6
Rc5 34. h4 f5 35. Re7+ Kf6 36. Nd7+ 1-0

[Event "XIII Abierto de la Constitucion"]
[Site "San Sebastian De Los Reyes"]
[Date "2011.12.09"]
[Round "8.36"]
[White "Lianes Garcia, Marcos"]
[Black "Sanchez Tapia, Luis Gabriel"]
[Result "1/2-1/2"]
[WhiteElo "1471"]
[BlackElo "1605"]
[PlyCount "231"]
[EventDate "2011.12.02"]

1. e4 c6 2. d4 d5 3. Nc3 dxe4 4. Nxe4 e5 5. c3 exd4 6. cxd4 Bb4+ 7. Nc3 Ne7 8.
Nf3 Bg4 9. Be2 Nd5 10. Bd2 O-O 11. O-O Nf6 12. Be3 Re8 13. Rc1 Qe7 14. Re1 Ne4
15. Bd3 Bxc3 16. bxc3 Nd7 17. Bf4 Qf6 18. Bg3 Ng5 19. Rxe8+ Rxe8 20. Be2 Bxf3
21. Bxf3 Nxf3+ 22. Qxf3 Qxf3 23. gxf3 Re2 24. Rb1 b5 25. c4 Rxa2 26. cxb5 Rc2
27. bxc6 Rxc6 28. Rb7 Nf8 29. Rxa7 Rc8 30. d5 h5 31. d6 Rd8 32. h4 Nd7 33. Kf1
f6 34. Ke2 Kf7 35. Ke3 Ke6 36. Ke4 g6 37. Rc7 Ra8 38. Rc6 Ra4+ 39. Ke3 g5 40.
f4 Ra3+ 41. Ke2 g4 42. Kd2 Rf3 43. Ke2 Rb3 44. Kd2 Rb5 45. Ke3 f5 46. Kd4 Rb4+
47. Kc3 Re4 48. Kd2 Kd5 49. Ra6 Rb4 50. Kc3 Rc4+ 51. Kd2 Rc6 52. Rxc6 Kxc6 53.
Ke3 Kxd6 54. f3 Nf6 55. Be1 Nd5+ 56. Kd2 Kc5 57. Bf2+ Kc4 58. fxg4 hxg4 59. h5
Nxf4 60. h6 Ng6 61. Ke3 Kd5 62. Bg3 Ke6 63. Be1 Kf7 64. Bc3 Kg8 65. Bg7 Kh7 66.
Kf2 Nf4 67. Bf8 Kg6 68. h7 Kxh7 69. Kg3 Ne6 70. Bd6 Kg6 71. Kh4 Ng7 72. Be5 Ne6
73. Bd6 Ng5 74. Bf4 Nf3+ 75. Kg3 Kh5 76. Be3 Ne5 77. Kf4 Nc4 78. Bf2 Kg6 79.
Bd4 Nd2 80. Bf2 Ne4 81. Be1 Ng5 82. Bd2 Nf3 83. Be3 Ng5 84. Kg3 Nh3 85. Bd2 Kh5
86. Bc1 f4+ 87. Kg2 Kh4 88. Bd2 Kg5 89. Bc1 Kf5 90. Bd2 Ke4 91. Bc1 Kd3 92.
Bxf4 Ke4 93. Bb8 Kf5 94. Kg3 Ng5 95. Bc7 Ne4+ 96. Kg2 Kg5 97. Bg3 Kf5 98. Bb8
Ke6 99. Bc7 Kd5 100. Bb8 Kc4 101. Bc7 Kd3 102. Bb8 {(=)} Ke2 103. Bc7 Ke3 104.
Bb8 Nf6 105. Kg3 Ke4 106. Bc7 Kf5 107. Bb8 Nh5+ 108. Kg2 Kg5 109. Bg3 Nxg3 110.
Kxg3 Kf5 111. Kf2 Kg6 112. Kg3 Kh5 113. Kg2 Kh4 114. Kh2 g3+ 115. Kg2 Kg4 116.
Kg1 1/2-1/2

[Event "XIII Abierto de la Constitucion"]
[Site "San Sebastian De Los Reyes"]
[Date "2011.12.10"]
[Round "9.1"]
[White "Semprun Martinez, Fernando"]
[Black "Almagro Llamas, Pablo"]
[Result "0-1"]
[WhiteElo "2175"]
[BlackElo "2461"]
[PlyCount "90"]
[EventDate "2011.12.02"]

1. e4 c6 2. d4 d5 3. Nc3 dxe4 4. Nxe4 Bf5 5. Ng3 Bg6 6. h4 h6 7. Nf3 Nd7 8. h5
Bh7 9. Bd3 Bxd3 10. Qxd3 e6 11. Bf4 Qa5+ 12. Bd2 Bb4 13. c3 Be7 14. c4 Qc7 15.
O-O-O b5 16. cxb5 cxb5+ 17. Kb1 Ngf6 18. d5 Nxd5 19. Nf5 Bf6 20. Rhe1 O-O 21.
Nxh6+ gxh6 22. Bxh6 Qc4 23. Bxf8 Rxf8 24. g4 Nc5 25. Qxc4 bxc4 26. g5 Bh8 27.
Ne5 Rb8 28. Nxc4 Na4 29. Rd3 Nxb2 30. Rb3 Rxb3 31. axb3 Nd3 32. Rg1 Nxf2 33. g6
Bd4 34. Nd6 f5 35. Nb5 Be3 36. h6 Bxh6 37. Nxa7 Ne4 38. Nc6 f4 39. Ne5 Bg7 40.
Nf3 e5 41. Kc2 Nb4+ 42. Kb2 Ng3 43. Rd1 e4+ 44. Ka3 Nc2+ 45. Ka4 exf3 0-1

[Event "XIII Abierto de la Constitucion"]
[Site "San Sebastian De Los Reyes"]
[Date "2011.12.10"]
[Round "9.2"]
[White "Adan Bermudez, Sergio"]
[Black "Hernando Pertierra, Jose Carlos"]
[Result "1/2-1/2"]
[WhiteElo "2292"]
[BlackElo "2373"]
[PlyCount "149"]
[EventDate "2011.12.02"]

1. c4 g6 2. g3 Bg7 3. Bg2 c5 4. Nc3 Nc6 5. d3 d6 6. e4 Nf6 7. Nge2 h5 8. h3 Bd7
9. a3 O-O 10. O-O Nd4 11. Nxd4 cxd4 12. Ne2 e5 13. Bg5 Qe8 14. Qd2 b5 15. Qb4
Qb8 16. b3 a5 17. Qe1 a4 18. Rb1 Qc8 19. Qb4 Qc5 20. f4 Qxb4 21. axb4 Rfe8 22.
fxe5 Nh7 23. Bd2 dxe5 24. c5 a3 25. Ra1 Ra6 26. Ra2 Be6 27. Rfa1 Rea8 28. Bc1
Bxb3 29. Rxa3 Rxa3 30. Rxa3 Rxa3 31. Bxa3 Kf8 32. Nc1 Be6 33. h4 Bh6 34. Bf3
Be3+ 35. Kf1 Ke7 36. Ke1 Nf6 37. Ne2 Ng4 38. Bc1 Bxc1 39. Nxc1 Ne3 40. Kd2 f6
41. Ne2 {(=)} Bg4 42. Bxg4 hxg4 43. Kc1 Ke6 44. Kd2 f5 45. Kc1 {(=)} fxe4 46.
dxe4 d3 47. Nc3 Nf1 48. Kd1 Nxg3 49. Kd2 Nh1 50. Kxd3 g3 51. Ne2 g2 52. Ke3 Ng3
53. Ng1 Nh5 54. Kf2 Nf4 55. Nf3 Nd3+ 56. Kxg2 Nxb4 57. Nd2 Kd7 58. Kg3 Nd3 59.
Kg4 Kc6 60. Kg5 Kxc5 61. Kxg6 Kd4 62. Kf5 Nf4 63. Nf3+ Kc3 64. Nxe5 b4 65. Nd7
Kd4 66. Nb6 Ne2 67. e5 b3 68. Na4 Ng3+ 69. Ke6 Ne4 70. Kf5 Nc5 71. Nb2 Kc3 72.
Nd1+ Kc2 73. Ne3+ Kd3 74. Nd1 Kc2 75. Ne3+ 1/2-1/2

[Event "XIII Abierto de la Constitucion"]
[Site "San Sebastian De Los Reyes"]
[Date "2011.12.10"]
[Round "9.3"]
[White "Roa Alonso, Santiago"]
[Black "Perez De Aranda A., Leonardo I"]
[Result "1-0"]
[WhiteElo "2418"]
[BlackElo "2117"]
[PlyCount "79"]
[EventDate "2011.12.02"]

1. d4 d5 2. c4 dxc4 3. Nf3 Nf6 4. e3 Bg4 5. Bxc4 e6 6. Nc3 a6 7. a4 Nc6 8. h3
Bh5 9. g4 Bg6 10. Nh4 Bb4 11. Nxg6 hxg6 12. Qf3 e5 13. g5 e4 14. Qg2 Nh5 15.
Qxe4+ Kf8 16. Rg1 Qd7 17. Qf3 Re8 18. Kf1 Na5 19. Ba2 c5 20. Nd5 Nc6 21. Rg4
Nd8 22. Nxb4 cxb4 23. Bb3 a5 24. Bd2 Ne6 25. Rc1 b5 26. d5 Nd8 27. axb5 Qxb5+
28. Bc4 Qd7 29. Bd3 Kg8 30. Rcc4 f5 31. gxf6 Nxf6 32. Rxg6 Nxd5 33. Rxg7+ Qxg7
34. Qxd5+ Kf8 35. Qxa5 Qd7 36. Bxb4+ Re7 37. Rf4+ Nf7 38. Qa8+ Kg7 39. Bc3+ Ne5
40. Qg2+ 1-0

[Event "XIII Abierto de la Constitucion"]
[Site "San Sebastian De Los Reyes"]
[Date "2011.12.10"]
[Round "9.4"]
[White "Aziz Ortego, Omar Luis"]
[Black "Muñoz Sanchez, Daniel"]
[Result "0-1"]
[WhiteElo "2139"]
[BlackElo "1995"]
[PlyCount "76"]
[EventDate "2011.12.02"]

1. e4 e6 2. d4 d5 3. Nc3 Nf6 4. e5 Nfd7 5. f4 c5 6. Nf3 Nc6 7. Be3 Be7 8. Qd2
O-O 9. O-O-O c4 10. f5 b5 11. Qf2 b4 12. Nxd5 exd5 13. Qg3 Kh8 14. Bxc4 dxc4
15. d5 Ncxe5 16. Nxe5 Nxe5 17. Qxe5 Bf6 18. Qf4 Re8 19. Kb1 b3 20. cxb3 cxb3
21. axb3 Bxf5+ 22. Qxf5 Rxe3 23. Rhe1 Rxb3 24. Rd2 Rab8 25. Ree2 Qd6 26. g4 Qa3
27. Qf2 Bxb2 28. Rxb2 Rxb2+ 29. Rxb2 Rxb2+ 30. Qxb2 Qxb2+ 31. Kxb2 Kg8 32. Kc3
Kf8 33. Kb4 Ke7 34. Kc5 Kd7 35. h4 a5 36. Kb5 Kd6 37. Kxa5 Kxd5 38. Kb5 Ke5 0-1

[Event "XIII Abierto de la Constitucion"]
[Site "San Sebastian De Los Reyes"]
[Date "2011.12.10"]
[Round "9.5"]
[White "Cueto, Johnny"]
[Black "Bustos Serrano, Doroteo"]
[Result "1-0"]
[WhiteElo "2301"]
[BlackElo "2120"]
[PlyCount "39"]
[EventDate "2011.12.02"]

1. e4 d6 2. d4 g6 3. f4 c6 4. Nf3 d5 5. e5 h5 6. h3 Nh6 7. Be3 Qb6 8. Qc1 Bf5
9. c4 e6 10. c5 Qc7 11. Nc3 Nd7 12. b4 Be7 13. Be2 O-O-O 14. b5 Be4 15. bxc6
bxc6 16. Nxe4 dxe4 17. Ba6+ Kb8 18. Rb1+ Nb6 19. Nd2 Nf5 20. Nxe4 1-0

[Event "XIII Abierto de la Constitucion"]
[Site "San Sebastian De Los Reyes"]
[Date "2011.12.10"]
[Round "9.6"]
[White "Barez Menendez, Hector"]
[Black "Cano Cabanillas, Javier"]
[Result "0-1"]
[WhiteElo "2161"]
[BlackElo "1954"]
[PlyCount "110"]
[EventDate "2011.12.02"]

1. Nf3 Nf6 2. c4 g6 3. g3 Bg7 4. Bg2 O-O 5. O-O d5 6. cxd5 Nxd5 7. Nc3 c5 8.
Nxd5 Qxd5 9. d3 Nc6 10. Be3 Bxb2 11. Rb1 Bf6 12. Qa4 Qh5 13. h4 a6 {(=)} 14.
Rfe1 Rb8 15. Rbc1 b5 16. Qe4 Nd4 17. Nxd4 cxd4 18. Bxd4 Bb7 19. Qe3 Bxd4 20.
Qxd4 Bxg2 {(=)} 21. Kxg2 Rfd8 22. Qe4 Qd5 23. Qxd5 Rxd5 24. Rc7 b4 25. Rb1 Ra5
26. Rb2 e6 27. Kf3 Ra3 28. Ke4 a5 29. Rc4 Rb5 30. Kd4 Kg7 31. Rc5 Rb8 32. Rc7
h5 33. Ke3 Kf6 34. Kd2 Rb5 35. Kc2 Rf5 36. f3 Re5 37. Kb1 a4 38. Rb7 b3 39.
axb3 axb3 40. e4 Rea5 41. R2xb3 Ra1+ 42. Kb2 Rg1 43. d4 Rxg3 44. Rd7 Kg7 45. d5
exd5 46. exd5 Rh3 47. d6 Rd5 48. Kc3 Rxh4 49. Rb4 Rxb4 50. Kxb4 h4 51. Kc4 Rd1
52. Re7 Rxd6 53. Re4 g5 54. Rg4 Kg6 55. f4 f6 0-1

[Event "XIII Abierto de la Constitucion"]
[Site "San Sebastian De Los Reyes"]
[Date "2011.12.10"]
[Round "9.7"]
[White "Ramos Del Campo, Alexander"]
[Black "Nuñez Miranda, Adrian"]
[Result "1/2-1/2"]
[WhiteElo "2038"]
[BlackElo "1866"]
[PlyCount "132"]
[EventDate "2011.12.02"]

1. e4 d6 2. d4 Nf6 3. Nc3 e5 4. Nf3 Nbd7 5. Bc4 Be7 6. O-O O-O 7. Re1 a6 8. a4
b6 9. b3 Bb7 10. Bb2 c6 11. Bd3 Qc7 12. Ne2 Rfe8 13. Ng3 Bf8 14. c4 exd4 15.
Nxd4 d5 16. cxd5 cxd5 17. Rc1 Qf4 18. Nde2 Qb8 19. exd5 Bxd5 20. Nd4 Rxe1+ 21.
Qxe1 Qb7 22. Qf1 Nc5 23. Bc4 Bxc4 24. Qxc4 Qd5 25. f3 Qxc4 26. Rxc4 Re8 27.
Nge2 Nxb3 28. Nxb3 Rxe2 29. Bxf6 gxf6 30. Nd4 Rd2 31. Nb3 Rd3 32. Nc1 Bc5+ 33.
Kf1 Rd2 34. Rg4+ Kf8 35. Nb3 Rd5 36. Nxc5 Rxc5 37. Rb4 b5 38. axb5 axb5 39. Ke2
Ke7 40. Kd3 Ke6 41. Re4+ Kd6 42. Rf4 f5 43. Rh4 Rc7 44. Rxh7 b4 45. Rh4 Rc3+
46. Kd2 Kc5 47. Rf4 Kb5 48. Rxf5+ Kc4 49. Rxf7 Kb3 50. Re7 Kb2 51. h4 b3 52.
Ke2 Rc2+ 53. Ke3 Kb1 54. Rb7 b2 55. g4 Kc1 56. Rxb2 Rxb2 57. h5 Rb3+ 58. Kf4
Kd2 59. h6 Ke2 60. g5 Rxf3+ 61. Kg4 Kf2 62. h7 Rg3+ 63. Kf5 Rh3 64. g6 Kf3 65.
Kf6 Kf4 66. g7 Rh6+ 1/2-1/2

[Event "XIII Abierto de la Constitucion"]
[Site "San Sebastian De Los Reyes"]
[Date "2011.12.10"]
[Round "9.8"]
[White "Quevedo Marin, Manuel"]
[Black "Camarero Izquierdo, Juan Carlos"]
[Result "1-0"]
[WhiteElo "2184"]
[BlackElo "1915"]
[PlyCount "101"]
[EventDate "2011.12.02"]

1. d4 f5 2. e4 fxe4 3. Nc3 Nf6 4. Bg5 g6 5. Bxf6 exf6 6. Nxe4 d5 7. Nc3 Nc6 8.
Bb5 Qd6 9. Qf3 Bf5 10. Qxd5 Qxd5 11. Nxd5 O-O-O 12. Bxc6 bxc6 13. Ne3 Rxd4 14.
Ne2 Rb4 15. Nxf5 gxf5 16. O-O-O Bh6+ 17. Kb1 Re8 18. Nd4 c5 19. Nxf5 Bf4 20.
Rhe1 Rbe4 21. Rxe4 Rxe4 22. Ng3 Re5 23. b3 h5 24. f3 h4 25. Ne4 Bxh2 26. Rh1
Bg3 27. Nxg3 hxg3 28. Rh8+ Kd7 29. Rg8 Rg5 30. Rh8 Kd6 31. Kc1 Ke5 32. Kd2 f5
33. Rh7 f4 34. Rxc7 Kd6 35. Rxa7 Rh5 36. Rf7 Ke5 37. Re7+ Kf5 38. a4 Rh1 39.
Re1 Rh2 40. Re2 Rh1 41. Kd3 Rc1 42. c3 Rb1 43. Kc4 Rf1 44. a5 Rf2 45. Kd3 c4+
46. bxc4 Rf1 47. Ra2 Rd1+ 48. Kc2 Rd7 49. a6 Ra7 50. Ra5+ Ke6 51. Kd3 1-0

[Event "XIII Abierto de la Constitucion"]
[Site "San Sebastian De Los Reyes"]
[Date "2011.12.10"]
[Round "9.9"]
[White "Lobato Lavin, Alvaro"]
[Black "Martinez Cepedano, Roberto"]
[Result "1-0"]
[WhiteElo "2033"]
[BlackElo "1683"]
[PlyCount "35"]
[EventDate "2011.12.02"]

1. e4 c5 2. Nf3 d6 3. d4 cxd4 4. Nxd4 Nf6 5. Nc3 g6 6. Be3 Bg7 7. f3 O-O 8. Qd2
Nc6 9. Bc4 Bd7 10. O-O-O Rc8 11. Bb3 Ne5 12. h4 h5 13. g4 hxg4 14. h5 Nc4 15.
Bxc4 Rxc4 16. h6 Bh8 17. h7+ Nxh7 18. Qh2 1-0

[Event "XIII Abierto de la Constitucion"]
[Site "San Sebastian De Los Reyes"]
[Date "2011.12.10"]
[Round "9.10"]
[White "Sacristan Virseda, Fernando"]
[Black "Cubillo Muñoz, Miguel"]
[Result "0-1"]
[WhiteElo "1891"]
[BlackElo "2006"]
[PlyCount "67"]
[EventDate "2011.12.02"]

1. e4 c5 2. Nc3 g6 3. g3 Bg7 4. Bg2 Nc6 5. d3 d6 6. Be3 Nd4 7. Qd2 e6 8. Nge2
Rb8 9. O-O b5 10. f4 Ne7 11. g4 b4 12. Nd1 f5 13. gxf5 exf5 14. Ng3 O-O 15. c3
Ne6 16. d4 bxc3 17. bxc3 cxd4 18. cxd4 fxe4 19. Bxe4 Bb7 20. Nc3 Bxe4 21. Ncxe4
Nd5 22. Ne2 Nxe3 23. Qxe3 Rb4 24. Rab1 Rxb1 25. Rxb1 Rxf4 26. N4g3 Rf6 27. Rb7
Qa5 28. Rb8+ Nf8 29. Qb3+ Kh8 30. Nc3 Rf3 31. Nge4 Qf5 32. Qc4 d5 33. Qxd5 Rf1+
34. Kg2 0-1

[Event "XIII Abierto de la Constitucion"]
[Site "San Sebastian De Los Reyes"]
[Date "2011.12.10"]
[Round "9.12"]
[White "Alfaya Marcelo, Roberto"]
[Black "Montiel Miguelez, Manuel"]
[Result "1-0"]
[WhiteElo "1652"]
[BlackElo "1934"]
[PlyCount "43"]
[EventDate "2011.12.02"]

1. e4 c5 2. Nf3 d6 3. d4 cxd4 4. Nxd4 Nf6 5. Nc3 a6 6. Be2 e6 7. O-O Be7 8. f4
Nbd7 9. Kh1 Qc7 10. Bf3 Rb8 11. Qe1 b5 12. a3 Bb7 13. Qg3 O-O 14. f5 Qb6 15.
Bh6 Ne8 16. fxe6 Qxd4 17. exd7 Nc7 18. Rad1 Qf6 19. Bf4 Rfd8 20. e5 Qf5 21.
exd6 Rxd7 22. dxc7 1-0

[Event "XIII Abierto de la Constitucion"]
[Site "San Sebastian De Los Reyes"]
[Date "2011.12.10"]
[Round "9.13"]
[White "Tevar Sanz, Gonzalo"]
[Black "Lopez De Turiso Sanchez, Jose Angel"]
[Result "1/2-1/2"]
[WhiteElo "1807"]
[BlackElo "2065"]
[PlyCount "31"]
[EventDate "2011.12.02"]

1. d4 Nf6 2. Bf4 g6 3. e3 Bg7 4. Nf3 d6 5. h3 Nfd7 6. Be2 e5 7. Bh2 O-O 8. O-O
Nc6 9. c4 h6 10. Nc3 Ne7 11. Qc2 f5 12. dxe5 Nxe5 13. Rad1 Nd7 14. Nd4 Nc5 15.
b4 Na6 16. a3 1/2-1/2

[Event "XIII Abierto de la Constitucion"]
[Site "San Sebastian De Los Reyes"]
[Date "2011.12.10"]
[Round "9.14"]
[White "Orellana Illescas, Julio"]
[Black "Montero Garcia, Fco. Javier"]
[Result "1/2-1/2"]
[WhiteElo "1787"]
[BlackElo "1935"]
[PlyCount "110"]
[EventDate "2011.12.02"]

1. e4 Nf6 2. e5 Nd5 3. Nc3 e6 4. Nxd5 exd5 5. d4 d6 6. Nf3 Bg4 7. Bf4 Nc6 8.
Bb5 Be7 9. Qd3 O-O 10. O-O Bxf3 11. gxf3 Bg5 12. Bg3 f5 13. f4 Bh6 14. Bxc6
bxc6 15. c4 Rb8 16. Qc3 dxe5 17. dxe5 d4 18. Qf3 c5 19. Qa3 Qe7 20. Qxa7 Rxb2
21. Rfb1 Rxb1+ 22. Rxb1 d3 23. Qa3 Rd8 24. Rd1 d2 25. Qe3 Rd4 26. Rxd2 Qd8 27.
Rxd4 cxd4 28. Qd3 c5 29. Qxf5 d3 30. Qe6+ Kh8 31. Qg4 d2 32. Qd1 Kg8 33. e6 Qd4
34. Kg2 Bxf4 35. Bxf4 Qxf4 36. h3 Kf8 37. a4 Qe4+ 38. Kh2 Qe5+ 39. Kg2 Qe4+ 40.
Kg3 Qd3+ 41. Kh2 Ke7 42. a5 Kxe6 43. a6 Qd6+ 44. Kg1 Qxa6 45. Qg4+ Kf7 46. Qf4+
Ke7 47. Qg5+ Kf7 48. Qf4+ Ke8 49. Qxd2 Qxc4 50. Qe3+ Kf8 51. Qf3+ Qf7 52. Qa8+
Qe8 53. Qf3+ Kg8 54. Qd5+ Qf7 55. Qxc5 Qg6+ 1/2-1/2